[Event "XIII Miedzynarodowe Mistrzostwa Gdanska"]
[Site "Gdansk"]
[Date "2011.??.??"]
[Round "8.1"]
[White "Sopur, Lech"]
[Black "Khamitskiy, Sergei"]
[Result "1-0"]
[WhiteElo "2409"]
[BlackElo "2316"]
[PlyCount "74"]
[EventDate "2011.??.??"]

1. d4 d5 2. Nf3 Nf6 3. c4 c6 4. e3 Bg4 5. Nc3 e6 6. h3 Bxf3 7. Qxf3 Bd6 8. Bd2
Nbd7 9. O-O-O O-O 10. Kb1 a6 11. cxd5 exd5 12. Bd3 Re8 13. Rhe1 Qe7 14. e4 dxe4
15. Nxe4 Nxe4 16. Bxe4 Qf6 17. Qg4 Qd8 18. Bg5 f6 19. Bh6 Re7 20. Bc2 Kh8 21.
Bd2 Nf8 22. Re3 Qb6 23. Rde1 Rae8 24. Bb3 Qc7 25. Qh5 Rxe3 26. fxe3 Qe7 27. a3
Rd8 28. Bc3 Qe4+ 29. Ka2 Ng6 30. Re2 Qh4 31. Qa5 f5 32. Qxf5 Ne7 33. Qf7 Qf6
34. Qxf6 gxf6 35. e4 Ng8 36. e5 fxe5 37. dxe5 Bf8 1-0

[Event "XIII Miedzynarodowe Mistrzostwa Gdanska"]
[Site "Gdansk"]
[Date "2011.??.??"]
[Round "8.2"]
[White "Machlowski, Slawomir"]
[Black "Cyborowski, Lukasz"]
[Result "0-1"]
[WhiteElo "2159"]
[BlackElo "2537"]
[PlyCount "96"]
[EventDate "2011.??.??"]

1. c4 c6 2. g3 d5 3. cxd5 cxd5 4. Bg2 Nc6 5. Nf3 Nf6 6. O-O e5 7. d3 h6 8. Nc3
Be6 9. Qa4 Qd7 10. Rd1 d4 11. Ne4 Nd5 12. h3 f5 13. Ned2 a6 14. Qc2 Rc8 15. Qb1
Bd6 16. Nc4 Bc7 17. Nh4 O-O 18. a4 Qf7 19. Rf1 Nf6 20. b3 e4 21. Ba3 g5 22.
Nxf5 Bxf5 23. dxe4 Bg6 24. Bxf8 Rxf8 25. Nd2 Ba5 26. b4 Bxb4 27. Qa2 Bc3 28.
Qxf7+ Rxf7 29. Rad1 Bxd2 30. Rxd2 Bxe4 31. Rb2 Bxg2 32. Kxg2 Nd5 33. Ra1 a5 34.
Ra3 Ncb4 35. Rd2 Rd7 36. Rf3 Nc3 37. Rf5 b6 38. f4 Nxa4 39. fxg5 Nc5 40. gxh6
Ne4 41. Rb2 Kh7 42. Kf3 Nd6 43. Rf6 Nc4 44. Rxb4 axb4 45. Ke4 b3 46. Kd3 b2 47.
Kc2 Re7 48. Rf2 Re3 0-1

[Event "XIII Miedzynarodowe Mistrzostwa Gdanska"]
[Site "Gdansk"]
[Date "2011.??.??"]
[Round "8.3"]
[White "Grabarczyk, Miroslaw"]
[Black "Budrewicz, Krzysztof"]
[Result "1/2-1/2"]
[WhiteElo "2459"]
[BlackElo "2194"]
[PlyCount "138"]
[EventDate "2011.??.??"]

1. d4 Nf6 2. c4 g6 3. Nf3 Bg7 4. g3 O-O 5. Bg2 d6 6. Nc3 a6 7. O-O Nc6 8. Qd3
e5 9. dxe5 dxe5 10. Qxd8 Rxd8 11. Bg5 Be6 12. Nd2 h6 13. Bxf6 Bxf6 14. Nde4 Be7
15. Nd5 Bxd5 16. cxd5 Nd4 17. e3 Nb5 18. Rac1 Rac8 19. a4 Nd6 20. Nc5 Rb8 21.
Rc2 Ne8 22. b4 Bd6 23. e4 Nf6 24. Rb1 g5 25. f3 g4 26. fxg4 Nxg4 27. Bh3 Nf6
28. Bf5 Kf8 29. Kg2 Ke7 30. a5 Ne8 31. Rf1 b6 32. Nxa6 Rb7 33. axb6 Rxb6 34.
Rc6 Ra8 35. Rxb6 cxb6 36. b5 Ra7 37. Bg4 Nf6 38. Kf3 Ne8 39. Kg2 Nf6 40. Bf3
Nd7 41. Be2 Nc5 42. Kf3 Nb3 43. Ke3 Ra8 44. Rb1 Nd4 45. Rc1 Rf8 46. Bd3 46...
Rg8 $11 47. Kf2 Kd7 48. Be2 Kd8 49. Bh5 Ke7 50. Kg2 Ra8 51. Rf1 f6 52. Rb1 Nxb5
53. Rxb5 Rxa6 54. Rb2 Bc5 55. Kf3 Bd4 56. Rc2 b5 57. Rc7+ $11 57... Kd6 58.
Rc6+ Rxc6 59. dxc6 Kxc6 60. Be8+ Kc5 61. Kg4 Bg1 62. h4 Bf2 63. Kf3 Be1 64. h5
b4 65. g4 b3 66. Bf7 Kb4 67. Ke2 Bg3 68. Kd1 Bf2 69. Kc1 Ka3 1/2-1/2

[Event "XIII Miedzynarodowe Mistrzostwa Gdanska"]
[Site "Gdansk"]
[Date "2011.??.??"]
[Round "8.4"]
[White "Czerw, Dawid"]
[Black "Jaroch, Pawel"]
[Result "0-1"]
[WhiteElo "1784"]
[BlackElo "2250"]
[PlyCount "120"]
[EventDate "2011.??.??"]

1. d4 Nf6 2. c4 c5 3. d5 e6 4. Nc3 exd5 5. cxd5 d6 6. e4 g6 7. h3 Bg7 8. Nf3
O-O 9. Bd3 b5 10. Bxb5 Nxe4 11. Nxe4 Qa5+ 12. Nfd2 Qxb5 13. Nxd6 Qa6 14. N6c4
Nd7 15. O-O Ne5 16. Qb3 Nxc4 17. Nxc4 Bd7 18. Bf4 Ba4 19. Qd3 Bb5 20. Rac1 Bxb2
21. Rc2 Bd4 22. Re1 Rfe8 23. Rxe8+ Rxe8 24. Be3 Qb7 25. Qb3 Qd7 26. Nb2 c4 27.
Qb4 Bxe3 28. fxe3 Qxd5 29. Rd2 Qe5 30. Nxc4 Bxc4 31. Qxc4 Qxe3+ 32. Rf2 Re6 33.
Qf4 Qxf4 34. Rxf4 Ra6 35. a4 Rb6 36. Rc4 Rb1+ 37. Kf2 Ra1 38. g4 Ra3 39. h4 h6
40. g5 hxg5 41. hxg5 a6 42. Kg2 Kg7 43. Kf2 Kf8 44. Re4 $11 44... Kg7 45. Rc4
Rd3 46. Rc5 Rd4 47. Ra5 Rf4+ 48. Ke3 Rf5 49. Rxa6 Rxg5 50. Ra7 Rc5 51. a5 Kf6
52. a6 Ra5 53. Ra8 g5 54. a7 Kf5 55. Kf3 Ra3+ 56. Kf2 Kf4 57. Kg2 Ra2+ 58. Kg1
g4 59. Kf1 Kf3 60. Ke1 g3 0-1

[Event "XIII Miedzynarodowe Mistrzostwa Gdanska"]
[Site "Gdansk"]
[Date "2011.??.??"]
[Round "8.5"]
[White "Renkowski, Piotr"]
[Black "Olejarczyk, Bogdan"]
[Result "1/2-1/2"]
[WhiteElo "1924"]
[BlackElo "2137"]
[PlyCount "52"]
[EventDate "2011.??.??"]

1. e4 d5 2. exd5 Qxd5 3. Nc3 Qd6 4. d4 Nf6 5. Nf3 c6 6. Ne5 Nbd7 7. Nc4 Qc7 8.
Qf3 g6 9. Bf4 Qd8 10. Qe3 e6 11. Nd6+ Bxd6 12. Bxd6 Nd5 13. Nxd5 cxd5 14. O-O-O
Nb6 15. Qf4 f6 16. Bb5+ Bd7 17. Bxd7+ Kxd7 18. Bc5 Ke8 19. Rhe1 Kf7 20. Rd3 Rc8
21. Ra3 Nd7 22. Rxa7 e5 23. Qf3 Nxc5 24. dxc5 Qd7 25. Rxe5 Rxc5 26. Re2 Rhc8
1/2-1/2

[Event "XIII Miedzynarodowe Mistrzostwa Gdanska"]
[Site "Gdansk"]
[Date "2011.??.??"]
[Round "8.6"]
[White "Bugalski, Michal"]
[Black "Kobus, Sebastian"]
[Result "0-1"]
[WhiteElo "2240"]
[BlackElo "2104"]
[PlyCount "71"]
[EventDate "2011.??.??"]

1. c4 e5 2. Nc3 Nf6 3. Nf3 d6 4. g3 g6 5. Bg2 Bg7 6. O-O O-O 7. d3 Nc6 8. Rb1
a5 9. a3 Ne8 10. b4 axb4 11. axb4 f5 12. b5 Ne7 13. Qb3 Kh8 14. Bb2 Nf6 15. Ra1
Rb8 16. c5 Nd7 17. cxd6 cxd6 18. Na4 h6 19. Nd2 b6 20. Nc4 d5 21. Ne3 Nc5 22.
Nxc5 bxc5 23. Nxd5 Be6 24. e4 Nxd5 25. exd5 Bd7 26. Qc3 Rxb5 27. Ra6 Qb8 28.
Ba1 Kh7 29. f4 Re8 30. h4 Bc8 31. Ra2 Re7 32. fxe5 Bxe5 33. Re2 Bxc3 34. Rxe7+
Kg8 35. Bxc3 Rb1 36. Rfe1 0-1

[Event "XIII Miedzynarodowe Mistrzostwa Gdanska"]
[Site "Gdansk"]
[Date "2011.??.??"]
[Round "8.7"]
[White "Zielinski, Wojciech"]
[Black "Kempinski, Tomasz"]
[Result "0-1"]
[WhiteElo "2097"]
[BlackElo "2227"]
[PlyCount "62"]
[EventDate "2011.??.??"]

1. b3 d6 2. Bb2 e5 3. e3 Nc6 4. Nf3 Nf6 5. d4 e4 6. Nfd2 d5 7. a3 Bd6 8. c4 Ng4
9. Qe2 dxc4 10. bxc4 Nxh2 11. Nxe4 Nxf1 12. Kxf1 Bf5 13. Nbd2 Qe7 14. Nxd6+
cxd6 15. e4 Bd7 16. Kg1 O-O-O 17. Rc1 Rhe8 18. Qd3 f5 19. f3 Kb8 20. c5 dxc5
21. Rxc5 Rc8 22. e5 Be6 23. Kf2 Red8 24. Qe3 g5 25. Nc4 Bxc4 26. Rxc4 Qe6 27.
Rhc1 Rg8 28. a4 f4 29. Qe4 g4 30. fxg4 Rxg4 31. Ba3 f3 0-1

[Event "XIII Miedzynarodowe Mistrzostwa Gdanska"]
[Site "Gdansk"]
[Date "2011.??.??"]
[Round "8.8"]
[White "Rybak, Tomasz"]
[Black "Rak, Tomasz"]
[Result "1-0"]
[WhiteElo "2222"]
[BlackElo "2067"]
[PlyCount "129"]
[EventDate "2011.??.??"]

1. e4 c5 2. Nf3 Nc6 3. Bb5 g6 4. Bxc6 dxc6 5. d3 Bg7 6. Nc3 e5 7. Be3 b6 8. h3
Ne7 9. Qd2 Qc7 10. O-O h6 11. Nh2 g5 12. Ne2 f5 13. exf5 Nxf5 14. Ng3 Nxg3 15.
fxg3 Be6 16. g4 O-O-O 17. Qe2 Rhe8 18. Bd2 c4 19. dxc4 e4 20. Bc3 Bxc3 21. bxc3
Qe5 22. Qe3 Bxc4 23. Rf5 Qd6 24. Rf2 Re5 25. Re1 Rde8 26. Rd2 Qe7 27. Rd4 Ba6
28. Red1 Bb7 29. Nf1 Rd5 30. Ng3 Red8 31. Qxe4 Qxe4 32. Nxe4 c5 33. Rxd5 Bxd5
34. Ng3 Bxa2 35. Ra1 Bc4 36. Rxa7 Rd1+ 37. Kh2 Bd5 38. Nf5 Rd2 39. Ne3 Bb7 40.
c4 Re2 41. Ra3 Be4 42. Rc3 Kd7 43. Kg1 Ke6 44. Kf1 Rd2 45. Ke1 Rd6 46. Ke2 Ke5
47. Ra3 Re6 48. Ra7 Kd4 49. Kd2 Rd6 50. Re7 Bxc2 51. Kxc2 Rf6 52. Kb3 Rf2 53.
Nf5+ Kd3 54. Nxh6 Rxg2 55. Nf5 Rg1 56. Rd7+ Ke4 57. Rd6 Rb1+ 58. Kc2 Rb4 59.
Kc3 b5 60. cxb5 Rxb5 61. Kc4 Rb2 62. Kxc5 Rh2 63. Rd4+ Ke5 64. Rd3 Rc2+ 65. Kb5
1-0

[Event "XIII Miedzynarodowe Mistrzostwa Gdanska"]
[Site "Gdansk"]
[Date "2011.??.??"]
[Round "8.9"]
[White "Huseynov, Vusal"]
[Black "Zielinski, Maciej"]
[Result "1/2-1/2"]
[WhiteElo "2178"]
[BlackElo "2060"]
[PlyCount "72"]
[EventDate "2011.??.??"]

1. e4 e5 2. Bc4 Nf6 3. d3 Nc6 4. Nf3 Bc5 5. O-O d6 6. c3 a6 7. Bb3 Ba7 8. Nbd2
O-O 9. Nc4 Be6 10. Bg5 h6 11. Bh4 Bxc4 12. Bxc4 Na5 13. Bd5 c6 14. Bb3 Nxb3 15.
Qxb3 Rb8 16. Rad1 g5 17. Bg3 Qe7 18. Rfe1 Nh5 19. d4 Nf4 20. Qa3 Rfe8 21. Bxf4
exf4 22. Qa5 g4 23. Nd2 c5 24. dxc5 dxc5 25. Nf1 Rbd8 26. Qa4 Rxd1 27. Qxd1 Qg5
28. Qd7 Re7 29. Qd8+ Kg7 30. c4 Qf6 31. Qc8 Qe6 32. Qxe6 Rxe6 33. f3 gxf3 34.
gxf3 Rd6 35. Re2 b5 36. Rc2 Bb6 1/2-1/2

[Event "XIII Miedzynarodowe Mistrzostwa Gdanska"]
[Site "Gdansk"]
[Date "2011.??.??"]
[Round "8.10"]
[White "Zielinski, Stanislaw"]
[Black "Wierzbicka, Wiktoria"]
[Result "1-0"]
[WhiteElo "2155"]
[BlackElo "2014"]
[PlyCount "85"]
[EventDate "2011.??.??"]

1. e4 c5 2. Nf3 Nc6 3. d4 cxd4 4. Nxd4 Qb6 5. Nb3 Nf6 6. Bd3 e6 7. O-O a6 8. a4
d6 9. a5 Qc7 10. Be3 Nd7 11. f4 Be7 12. N1d2 b5 13. axb6 Nxb6 14. Qe2 Nb4 15.
f5 e5 16. Nc4 Nxc4 17. Bxc4 a5 18. c3 Nc6 19. Qh5 Nd8 20. Bb5+ Bd7 21. Bxd7+
Qxd7 22. Qd1 a4 23. Nd2 Qc6 24. c4 h6 25. Qg4 25... Bf6 $11 26. Ra2 Ke7 27.
Rfa1 Nb7 28. b4 Qa6 29. Qd1 Bg5 30. Bxg5+ hxg5 31. Rxa4 Qb6+ 32. c5 Nxc5 33.
bxc5 Qxc5+ 34. Kh1 Rad8 35. Qg1 Qc3 36. Qf2 g4 37. Nf1 Rb8 38. f6+ gxf6 39.
Ra7+ Kf8 40. Qxf6 Rh7 41. Qxd6+ Kg7 42. Rxf7+ Kxf7 43. Ra7+ 1-0

[Event "XIII Miedzynarodowe Mistrzostwa Gdanska"]
[Site "Gdansk"]
[Date "2011.??.??"]
[Round "8.11"]
[White "Sieklucki, Adam"]
[Black "Szczepaniec, Stanislaw"]
[Result "0-1"]
[WhiteElo "1848"]
[BlackElo "2075"]
[PlyCount "107"]
[EventDate "2011.??.??"]

1. e4 c5 2. Nf3 Nc6 3. d4 cxd4 4. Nxd4 g6 5. c4 Nf6 6. Nc3 d6 7. Be2 Nxd4 8.
Qxd4 Bg7 9. Be3 O-O 10. Qd2 Be6 11. O-O Re8 12. f3 Qa5 13. Rab1 Rec8 14. b3 a6
15. Rfc1 Nd7 16. b4 Qh5 17. g4 Qh3 18. Nd5 Bxd5 19. cxd5 Ne5 20. Qd1 Nxg4 21.
Bf4 Ne5 22. Rb3 Rxc1 23. Bxc1 Rc8 24. f4 Qh6 25. Kg2 Bf6 26. Rh3 Bh4 27. Rxh4
Qxh4 28. fxe5 Qxe4+ 29. Bf3 Rc2+ 30. Kg3 Qxe5+ 31. Bf4 Qf5 32. Qd4 g5 33. Be3
Rxa2 34. Be4 Qf6 35. Qxf6 exf6 36. Bb6 Ra3+ 37. Kg4 Rb3 38. Bc7 Rxb4 39. Kf5
Rb2 40. Bxd6 Kg7 41. Bc5 h5 42. h4 Rb3 43. Bf2 g4 44. d6 Rb5+ 45. Kf4 Kf8 46.
Bd4 Ke8 47. Bxf6 Rb4 48. Ke5 Rxe4+ 49. Kxe4 Kd7 50. Be5 Ke6 51. Kf4 f6 52. Bd4
Kxd6 53. Kf5 Kd5 54. Be3 0-1

[Event "XIII Miedzynarodowe Mistrzostwa Gdanska"]
[Site "Gdansk"]
[Date "2011.??.??"]
[Round "8.12"]
[White "Skrochocka, Justyna"]
[Black "Plewa, Piotr"]
[Result "0-1"]
[WhiteElo "2041"]
[BlackElo "1864"]
[PlyCount "102"]
[EventDate "2011.??.??"]

1. e4 c5 2. Nf3 e6 3. d4 cxd4 4. Nxd4 a6 5. Bd3 Nc6 6. Nxc6 dxc6 7. O-O e5 8.
Be3 Bd6 9. Nd2 Ne7 10. a4 O-O 11. Nc4 Bc7 12. a5 Be6 13. Bc5 Re8 14. b4 Ng6 15.
g3 Bxc4 16. Bxc4 Qxd1 17. Raxd1 Rad8 18. h4 Nf8 19. Rxd8 Rxd8 20. f4 exf4 21.
gxf4 Ng6 22. Be3 Nxh4 23. f5 Re8 24. Bd3 Bd8 25. Kf2 g5 26. Bd4 g4 27. Kg3 Nf3
28. c3 Bc7+ 29. Kf2 Be5 30. Bxe5 Nxe5 31. Be2 Rd8 32. Rg1 h5 33. Rh1 Nd7 34.
Rxh5 Nf6 35. Rg5+ Kh7 36. Ke3 Kh6 37. Kf4 Rd2 38. Rxg4 Rxe2 39. Rh4+ Kg7 40.
Kf3 Rc2 41. e5 Rxc3+ 42. Ke2 Nd5 43. Rg4+ Kh6 44. Re4 Kg5 45. e6 Kf6 46. exf7
Kxf7 47. Rh4 Re3+ 48. Kd2 Re7 49. Rh6 Nxb4 50. f6 Rd7+ 51. Kc3 Nd5+ 0-1

[Event "XIII Miedzynarodowe Mistrzostwa Gdanska"]
[Site "Gdansk"]
[Date "2011.??.??"]
[Round "8.13"]
[White "Posuniak, Kacper"]
[Black "Reza, Wojciech"]
[Result "1/2-1/2"]
[WhiteElo "1831"]
[BlackElo "2026"]
[PlyCount "50"]
[EventDate "2011.??.??"]

1. d4 Nf6 2. c4 e6 3. Nf3 c5 4. e3 cxd4 5. exd4 d5 6. Nc3 Be7 7. Bd3 O-O 8. O-O
dxc4 9. Bxc4 Nc6 10. a3 Qb6 11. Qd3 Rd8 12. Be3 Ng4 13. Qe2 Nxe3 14. fxe3 Qc7
15. Rac1 a6 16. Ba2 Qa5 17. Kh1 Qh5 18. e4 Bd6 19. e5 Be7 20. d5 exd5 21. Nxd5
Be6 22. Nxe7+ Nxe7 23. Bxe6 fxe6 24. Rc7 Nf5 25. Kg1 b5 1/2-1/2

[Event "XIII Miedzynarodowe Mistrzostwa Gdanska"]
[Site "Gdansk"]
[Date "2011.??.??"]
[Round "8.14"]
[White "Grajczak, Adrian"]
[Black "Kaczmarek, Alicja"]
[Result "1/2-1/2"]
[WhiteElo "2000"]
[BlackElo "1829"]
[PlyCount "59"]
[EventDate "2011.??.??"]

1. e4 c5 2. Nf3 e6 3. d4 cxd4 4. Nxd4 a6 5. Bd3 Nc6 6. Nxc6 bxc6 7. O-O d5 8.
e5 Qc7 9. f4 h5 10. Nd2 c5 11. c4 Bb7 12. Qe2 Ne7 13. cxd5 Nxd5 14. Nc4 Be7 15.
b3 Nb6 16. Be3 h4 17. h3 Nxc4 18. Bxc4 Qc6 19. Rad1 Rd8 20. Rxd8+ Bxd8 21. Qf2
Be7 22. Rc1 O-O 23. Bf1 Rc8 24. b4 Qa4 25. bxc5 Qa3 26. Rc2 Bd5 27. Bd4 Qa4 28.
Bd3 g6 29. Rc1 a5 30. Qb2 1/2-1/2

[Event "XIII Miedzynarodowe Mistrzostwa Gdanska"]
[Site "Gdansk"]
[Date "2011.??.??"]
[Round "8.15"]
[White "Baran, Dawid"]
[Black "Grabarczyk, Sylwester"]
[Result "1-0"]
[WhiteElo "1679"]
[BlackElo "1971"]
[PlyCount "85"]
[EventDate "2011.??.??"]

1. e4 e5 2. Nf3 Nc6 3. Bc4 Bc5 4. c3 d6 5. d4 exd4 6. cxd4 Bb4+ 7. Nc3 Bg4 8.
Be3 Nf6 9. O-O O-O 10. Bd3 Re8 11. Qc2 Ba5 12. a3 Bb6 13. Ne2 Qe7 14. Ng3 Qd7
15. d5 Ne5 16. Nxe5 dxe5 17. Bg5 Nh5 18. Ne2 h6 19. Bd2 f5 20. exf5 e4 21. Bc4
Kh8 22. f6 Nxf6 23. Nf4 Bf5 24. Qc1 Rad8 25. Bc3 Ng4 26. h3 Nxf2 27. Rxf2 Bxf2+
28. Kxf2 e3+ 29. Kg1 Qd6 30. Ne6 Bxe6 31. dxe6 Qc5 32. Bb3 e2+ 33. Kh1 Qh5 34.
Kh2 Rd3 35. Qf4 Qg5 36. Qxg5 hxg5 37. Re1 Re3 38. Kg1 Rf8 39. Bc4 Re4 40. Bd5
Re3 41. Bb4 Rf5 42. Ba2 a5 43. Bc3 1-0

[Event "XIII Miedzynarodowe Mistrzostwa Gdanska"]
[Site "Gdansk"]
[Date "2011.??.??"]
[Round "8.17"]
[White "Kanarkiewicz, Michal"]
[Black "Dadello, Aleksandra"]
[Result "1/2-1/2"]
[WhiteElo "1924"]
[BlackElo "1811"]
[PlyCount "92"]
[EventDate "2011.??.??"]

1. e4 e6 2. d4 d5 3. Nc3 Bb4 4. e5 c5 5. a3 Bxc3+ 6. bxc3 Ne7 7. Qg4 Kf8 8. Nf3
Qa5 9. Bd2 Qa4 10. Ra2 Nbc6 11. Bd3 b6 12. Qf4 h6 13. O-O Ba6 14. dxc5 Qxf4 15.
Bxf4 Bxd3 16. cxd3 bxc5 17. Rb2 d4 18. c4 g5 19. Bg3 a6 20. Rb6 Kg7 21. Nd2
Rhb8 22. Rfb1 Rxb6 23. Rxb6 Rb8 24. Rxb8 Nxb8 25. Ne4 Nd7 26. h4 Nf5 27. hxg5
hxg5 28. Bh2 Kg6 29. Kf1 Nh4 30. f3 Nf5 31. Bg1 Ne7 32. Ke2 Kh5 33. Bh2 Ng6 34.
g3 a5 35. Kf2 g4 36. f4 Ne7 37. Ke2 Nf5 38. Bg1 Kg6 39. Bf2 a4 40. Be1 Ne3 41.
Bd2 Nc2 42. Bc1 Na1 43. Bd2 Nb3 44. Be1 Nb6 45. Kd1 Nc8 46. Kc2 Ne7 1/2-1/2

[Event "XIII Miedzynarodowe Mistrzostwa Gdanska"]
[Site "Gdansk"]
[Date "2011.??.??"]
[Round "8.18"]
[White "Norov, Artem"]
[Black "Parol, Pawel"]
[Result "1-0"]
[WhiteElo "1541"]
[BlackElo "1918"]
[PlyCount "101"]
[EventDate "2011.??.??"]

1. d4 d5 2. c4 c6 3. Nf3 Nf6 4. Nc3 e6 5. Bg5 Nbd7 6. e3 Qa5 7. Nd2 dxc4 8.
Bxf6 Nxf6 9. Nxc4 Qc7 10. Bd3 Nd5 11. O-O Nxc3 12. bxc3 g6 13. e4 b5 14. Nd2 e5
15. f4 exf4 16. e5 Bg7 17. Ne4 O-O 18. Rxf4 Bf5 19. Rxf5 gxf5 20. Ng3 Rfe8 21.
Bxf5 Qe7 22. Qh5 h6 23. Be4 Rac8 24. Nf5 Qg5 25. Qxg5 hxg5 26. Nd6 Red8 27.
Nxc8 Rxc8 28. a4 a6 29. axb5 axb5 30. Bf5 Rd8 31. Kf2 c5 32. Ke3 b4 33. Ke4
bxc3 34. d5 Re8 35. e6 Bd4 36. Rf1 Kg7 37. Kd3 fxe6 38. dxe6 Be5 39. Kc4 Bxh2
40. Kxc3 Be5+ 41. Kc4 Bd4 42. Rh1 Kf6 43. g4 Ke5 44. Rh7 Kd6 45. Rd7+ Ke5 46.
Rg7 Kd6 47. Rxg5 Rb8 48. Rh5 Rb4+ 49. Kd3 Rb3+ 50. Kd2 Rb2+ 51. Kd1 1-0

[Event "XIII Miedzynarodowe Mistrzostwa Gdanska"]
[Site "Gdansk"]
[Date "2011.??.??"]
[Round "8.19"]
[White "Dobrowolski, Henryk"]
[Black "Moszczenski, Milosz"]
[Result "0-1"]
[WhiteElo "1907"]
[BlackElo "1631"]
[PlyCount "59"]
[EventDate "2011.??.??"]

1. d4 Nf6 2. c4 e6 3. Nc3 Bb4 4. Qc2 O-O 5. e4 c5 6. Be3 Ng4 7. Nf3 Qa5 8. Bd3
cxd4 9. Nxd4 Nxe3 10. fxe3 Bxc3+ 11. bxc3 Qg5 12. Qf2 d6 13. O-O a6 14. Qf4 Qd8
15. e5 dxe5 16. Qxe5 Nd7 17. Qh5 g6 18. Qh6 Ne5 19. Be2 f5 20. Qf4 Nf7 21. Nb3
Qf6 22. Qd4 e5 23. Qd3 b6 24. Bf3 Rb8 25. Bd5 Be6 26. e4 f4 27. c5 Bxd5 28.
exd5 bxc5 29. Nxc5 Rfc8 30. Rad1 0-1

[Event "XIII Miedzynarodowe Mistrzostwa Gdanska"]
[Site "Gdansk"]
[Date "2011.??.??"]
[Round "8.21"]
[White "Kindler, Przemyslaw"]
[Black "Les, Czeslaw"]
[Result "1-0"]
[WhiteElo "1666"]
[BlackElo "1924"]
[PlyCount "61"]
[EventDate "2011.??.??"]

1. e4 d5 2. exd5 Nf6 3. d4 Nxd5 4. c4 Nf6 5. Be2 c6 6. Nc3 Bf5 7. Be3 e6 8. h3
Be7 9. Nf3 Nbd7 10. O-O h6 11. Bf4 g5 12. Bg3 Nh5 13. Bh2 Nf4 14. d5 Qb6 15.
Qd2 Rg8 16. Kh1 Nf6 17. Bxf4 gxf4 18. d6 O-O-O 19. Na4 Qa6 20. b3 b6 21. c5 Qb7
22. Qb2 b5 23. dxe7 Qxe7 24. Nc3 e5 25. Nxb5 cxb5 26. Nxe5 Qe6 27. Bf3 Bxh3 28.
Rfe1 Qf5 29. Nc6 Bxg2+ 30. Bxg2 Rxg2 31. Ne7+ 1-0

[Event "XIII Miedzynarodowe Mistrzostwa Gdanska"]
[Site "Gdansk"]
[Date "2011.??.??"]
[Round "8.22"]
[White "Mucha, Piotr"]
[Black "Jenczyk, Piotr"]
[Result "1-0"]
[WhiteElo "1867"]
[BlackElo "1581"]
[PlyCount "55"]
[EventDate "2011.??.??"]

1. e4 e5 2. Nf3 Nc6 3. d4 exd4 4. Bc4 Nf6 5. e5 d5 6. Bb5 Nd7 7. O-O Be7 8.
Bxc6 bxc6 9. Nxd4 Nb8 10. f4 c5 11. Nb3 Bb7 12. Qg4 g6 13. f5 Bc8 14. e6 fxe6
15. fxg6 hxg6 16. Qxg6+ Kd7 17. Rf7 Kc6 18. Qd3 Ba6 19. Na5+ Kd7 20. c4 c6 21.
Bg5 Qxa5 22. Rxe7+ Kc8 23. Qe3 Nd7 24. Qxe6 Qc7 25. g3 Bxc4 26. Bf4 Qd8 27.
Qxc6+ Qc7 28. Qxc7# 1-0

[Event "XIII Miedzynarodowe Mistrzostwa Gdanska"]
[Site "Gdansk"]
[Date "2011.??.??"]
[Round "8.23"]
[White "Ciesielski, Tomasz"]
[Black "Wisniewski, Szymon"]
[Result "1-0"]
[WhiteElo "1858"]
[BlackElo "1554"]
[PlyCount "71"]
[EventDate "2011.??.??"]

1. e4 c5 2. d4 cxd4 3. c3 dxc3 4. Nxc3 Nc6 5. Bc4 Nf6 6. Nf3 e6 7. O-O Qc7 8.
Nb5 Qb8 9. Qe2 a6 10. Nc3 Ng4 11. g3 Be7 12. Bf4 Nge5 13. Rfd1 Bd6 14. Rxd6
Qxd6 15. Nxe5 Nxe5 16. Qh5 Qc5 17. Qxe5 Qxe5 18. Bxe5 b5 19. Bb3 O-O 20. Rd1
Rd8 21. Bc7 Re8 22. f3 Ra7 23. Bb6 Rb7 24. Rd6 f6 25. Nd5 Kf8 26. Nc7 Re7 27.
Nxa6 Rf7 28. Bc5 Ke8 29. Kf2 g6 30. Ke3 f5 31. e5 g5 32. a4 bxa4 33. Bxa4 Re7
34. b4 Kf7 35. b5 Ke8 36. b6 1-0

[Event "XIII Miedzynarodowe Mistrzostwa Gdanska"]
[Site "Gdansk"]
[Date "2011.??.??"]
[Round "8.24"]
[White "Bobryk, Konrad"]
[Black "Zygmunt, Piotr"]
[Result "1-0"]
[WhiteElo "1548"]
[BlackElo "1854"]
[PlyCount "92"]
[EventDate "2011.??.??"]

1. d4 d5 2. c4 e6 3. Nc3 Nf6 4. Bg5 Be7 5. e3 c6 6. Nf3 Nbd7 7. Bd3 O-O 8. O-O
dxc4 9. Bxc4 b5 10. Bd3 Bb7 11. Rc1 a6 12. Bxf6 Nxf6 13. Ne4 Qd5 14. Nxf6+ gxf6
15. Bb1 Qh5 16. Nd2 Qh6 17. Be4 e5 18. Bxc6 Bxc6 19. Rxc6 exd4 20. Qg4+ Kh8 21.
Qxd4 Rad8 22. Qc3 Rg8 23. Ne4 Qg6 24. Ng3 h5 25. Qc2 Rd3 26. Rd1 Rxd1+ 27. Qxd1
Rd8 28. Qc2 h4 29. Qxg6 fxg6 30. Nf1 Rd6 31. Rxd6 Bxd6 32. Nd2 Kg7 33. f4 Kf7
34. Nf3 Ke6 35. Kf2 g5 36. fxg5 fxg5 37. Nxg5+ Kf5 38. Nf3 Ke4 39. Ke2 a5 40.
b3 a4 41. h3 axb3 42. axb3 Be7 43. Nd2+ Kd5 44. Kd3 b4 45. Nf3 Bf6 46. e4+ Ke6
1-0

[Event "XIII Miedzynarodowe Mistrzostwa Gdanska"]
[Site "Gdansk"]
[Date "2011.??.??"]
[Round "8.25"]
[White "Antolak, Julia"]
[Black "Dadello, Andrzej"]
[Result "1-0"]
[WhiteElo "1509"]
[BlackElo "1799"]
[PlyCount "87"]
[EventDate "2011.??.??"]

1. e4 c5 2. Nf3 d6 3. d4 cxd4 4. Nxd4 Nf6 5. Nc3 g6 6. Be2 Bg7 7. O-O O-O 8.
Bg5 h6 9. Bh4 Nc6 10. Nb3 a6 11. f4 b5 12. Bf3 Qb6+ 13. Kh1 Be6 14. Re1 Ra7 15.
Nd5 Bxd5 16. exd5 Na5 17. Bf2 Qxf2 18. Nxa5 Re8 19. Nc6 Rc7 20. Qe2 Qc5 21. Qd3
Kh7 22. c3 Bf8 23. Re2 Bg7 24. Rae1 Ng8 25. f5 Qc4 26. fxg6+ fxg6 27. Qxc4 bxc4
28. Re4 Rb7 29. R1e2 Nf6 30. Rxc4 Nd7 31. Rb4 Rxb4 32. Nxb4 a5 33. Nc6 Ne5 34.
Nxe5 Bxe5 35. g3 Rb8 36. Kg2 Kg7 37. b3 Rb7 38. c4 Bd4 39. Re4 Be5 40. c5 Rb5
41. c6 Rc5 42. Rc4 e6 43. c7 exd5 44. Bxd5 1-0

[Event "XIII Miedzynarodowe Mistrzostwa Gdanska"]
[Site "Gdansk"]
[Date "2011.??.??"]
[Round "8.26"]
[White "Kroczka, Gromoslaw"]
[Black "Szymanowski, Mateusz"]
[Result "0-1"]
[WhiteElo "1499"]
[BlackElo "1783"]
[PlyCount "100"]
[EventDate "2011.??.??"]

1. e4 c5 2. Nf3 d6 3. d4 cxd4 4. Nxd4 Nf6 5. Nc3 a6 6. Be3 e5 7. Nb3 Be6 8. Qd2
Ng4 9. O-O-O Nxe3 10. Qxe3 Be7 11. Qd3 Nd7 12. Nd5 Bxd5 13. Qxd5 Qc7 14. Kb1
Rc8 15. c3 O-O 16. g3 b5 17. Qd3 Rfd8 18. Bh3 Rb8 19. Bxd7 Rxd7 20. h4 a5 21.
Qd5 Rdd8 22. Rc1 Rdc8 23. Rhd1 Qb6 24. Rc2 Rc4 25. Nd2 Rc5 26. Qd3 a4 27. Nf1
b4 28. c4 b3 29. axb3 axb3 30. Rc3 Rcc8 31. Qe3 Qa6 32. Rxb3 Qxc4 33. Rdd3 Rxb3
34. Rxb3 Qxf1+ 35. Ka2 Ra8+ 36. Ra3 Qc4+ 37. Kb1 Rxa3 38. bxa3 Qc5 39. Kb2 Qxe3
40. fxe3 Kf8 41. Kb3 Ke8 42. a4 Kd7 43. Kc4 Kc6 44. a5 Bd8 45. a6 Bb6 46. g4
Bxe3 47. h5 h6 48. a7 Bxa7 49. Kb4 d5 50. exd5+ Kxd5 0-1

[Event "XIII Miedzynarodowe Mistrzostwa Gdanska"]
[Site "Gdansk"]
[Date "2011.??.??"]
[Round "8.27"]
[White "Szymanowski, Igor"]
[Black "Czajkowski, Adam"]
[Result "1/2-1/2"]
[WhiteElo "1482"]
[BlackElo "1761"]
[PlyCount "102"]
[EventDate "2011.??.??"]

1. e4 c5 2. Nf3 e6 3. d4 cxd4 4. Nxd4 a6 5. Nc3 Qc7 6. Bd3 Nc6 7. Nxc6 dxc6 8.
O-O e5 9. Be3 Nf6 10. Qe2 Ng4 11. Bc4 Be7 12. h3 Nxe3 13. Qxe3 b5 14. Bd3 Be6
15. Qg3 O-O 16. Nd1 Rfd8 17. Ne3 Kh8 18. Ng4 f6 19. Ne3 c5 20. Be2 Rd2 21. Bg4
Bg8 22. Rfd1 Rxd1+ 23. Rxd1 Rd8 24. Nd5 Qb7 25. Qf3 Bf8 26. h4 Bxd5 27. exd5
Bd6 28. Be6 Qe7 29. h5 g6 30. hxg6 hxg6 31. g3 Kg7 32. Kg2 Rh8 33. Rh1 Rxh1 34.
Kxh1 f5 35. Kg2 Kf6 36. g4 Qh7 37. Qh3 Qxh3+ 38. Kxh3 e4 39. Kg2 Ke5 40. Kf1 b4
41. Ke2 a5 42. b3 f4 43. Kd2 Kd4 44. Bf7 c4 45. Be6 cxb3 46. axb3 Be7 47. Bf7
Bh4 48. Ke2 Kc3 49. f3 exf3+ 50. Kxf3 Kxc2 51. d6 Bd8 1/2-1/2